<?xml version="1.0" encoding="UTF-8"?>
<record
    xmlns:xsi="http://www.w3.org/2001/XMLSchema-instance"
    xsi:schemaLocation="http://www.loc.gov/MARC21/slim http://www.loc.gov/standards/marcxml/schema/MARC21slim.xsd"
    xmlns="http://www.loc.gov/MARC21/slim">

  <leader>00933nam0a2200289   4500</leader>
  <controlfield tag="001">RU\NLR\BIBL_A\010753349</controlfield>
  <controlfield tag="005">20250614093503.0</controlfield>
  <datafield tag="010" ind1=" " ind2=" ">
    <subfield code="a">978-5-903725-74-8</subfield>
    <subfield code="9">100</subfield>
  </datafield>
  <datafield tag="021" ind1=" " ind2=" ">
    <subfield code="a">RU</subfield>
    <subfield code="b">2015-22595</subfield>
    <subfield code="9">1345</subfield>
  </datafield>
  <datafield tag="035" ind1=" " ind2=" ">
    <subfield code="a">(NLR Aleph) 010753349</subfield>
  </datafield>
  <datafield tag="090" ind1=" " ind2=" ">
    <subfield code="a">9950762</subfield>
    <subfield code="c">9950762</subfield>
  </datafield>
  <datafield tag="100" ind1=" " ind2=" ">
    <subfield code="a">20150515d2015    |||y0rusy50      ca</subfield>
  </datafield>
  <datafield tag="101" ind1="0" ind2=" ">
    <subfield code="a">rus</subfield>
  </datafield>
  <datafield tag="102" ind1=" " ind2=" ">
    <subfield code="a">RU</subfield>
  </datafield>
  <datafield tag="105" ind1=" " ind2=" ">
    <subfield code="a">a|||z|||000gy</subfield>
  </datafield>
  <datafield tag="200" ind1="1" ind2=" ">
    <subfield code="a">&#x41F;&#x440;&#x438;&#x437;&#x43D;&#x430;&#x43D;&#x438;&#x435; &#x436;&#x435;&#x43D;&#x449;&#x438;&#x43D;&#x435;</subfield>
    <subfield code="e">&#x43E;&#x434;&#x430;-&#x441;&#x435;&#x440;&#x438;&#x430;&#x43B; &#x432; 11 &#xB9;/&#x2082; &#x447;&#x430;&#x441;&#x442;&#x44F;&#x445;</subfield>
    <subfield code="f">&#x421;. &#x41C;&#x44F;&#x447;&#x438;&#x43A;&#x43E;&#x432;</subfield>
  </datafield>
  <datafield tag="210" ind1=" " ind2=" ">
    <subfield code="a">&#x422;&#x44E;&#x43C;&#x435;&#x43D;&#x44C;</subfield>
    <subfield code="c">[&#x431;. &#x438;.</subfield>
    <subfield code="d">2015]</subfield>
  </datafield>
  <datafield tag="215" ind1=" " ind2=" ">
    <subfield code="a">[12] &#x441;.</subfield>
    <subfield code="c">&#x446;&#x432;. &#x438;&#x43B;.</subfield>
    <subfield code="d">15</subfield>
  </datafield>
  <datafield tag="686" ind1="2" ind2=" ">
    <subfield code="a">&#x428;6(2=&#x420;)8-5</subfield>
  </datafield>
  <datafield tag="700" ind1=" " ind2="1">
    <subfield code="7">ca</subfield>
    <subfield code="8">rus</subfield>
    <subfield code="a">&#x41C;&#x44F;&#x447;&#x438;&#x43A;&#x43E;&#x432;</subfield>
    <subfield code="b">&#x421;.</subfield>
    <subfield code="f">1970-</subfield>
    <subfield code="g">&#x421;&#x435;&#x440;&#x433;&#x435;&#x439;</subfield>
    <subfield code="9">159192</subfield>
    <subfield code="3">RU\NLR\AUTH\770159233</subfield>
  </datafield>
  <datafield tag="801" ind1=" " ind2="0">
    <subfield code="a">RU</subfield>
    <subfield code="b">&#x420;&#x413;&#x411;</subfield>
    <subfield code="c">20150326</subfield>
    <subfield code="g">RCR</subfield>
  </datafield>
  <datafield tag="801" ind1=" " ind2="1">
    <subfield code="a">RU</subfield>
    <subfield code="b">&#x420;&#x413;&#x411;</subfield>
    <subfield code="c">20150326</subfield>
    <subfield code="2">rusmarc</subfield>
  </datafield>
  <datafield tag="942" ind1=" " ind2=" ">
    <subfield code="c">BOOK</subfield>
  </datafield>
  <datafield tag="980" ind1=" " ind2=" ">
    <subfield code="a">NB</subfield>
  </datafield>
  <datafield tag="995" ind1=" " ind2=" ">
    <subfield code="5">2015-05-15</subfield>
    <subfield code="a">ad</subfield>
    <subfield code="b">NLR01</subfield>
    <subfield code="c">NLR01</subfield>
    <subfield code="e">RF9</subfield>
    <subfield code="f">1-872254</subfield>
    <subfield code="k">2015-1/349</subfield>
    <subfield code="o">0</subfield>
    <subfield code="r">BOOK</subfield>
    <subfield code="s">20151349_</subfield>
    <subfield code="u">Y</subfield>
  </datafield>
  <datafield tag="995" ind1=" " ind2=" ">
    <subfield code="5">2015-05-15</subfield>
    <subfield code="a">ad</subfield>
    <subfield code="b">NLR01</subfield>
    <subfield code="c">NLR01</subfield>
    <subfield code="e">RF9</subfield>
    <subfield code="f">1-872255</subfield>
    <subfield code="k">2015-1/349</subfield>
    <subfield code="o">0</subfield>
    <subfield code="r">BOOK</subfield>
    <subfield code="s">20151349_</subfield>
    <subfield code="u">Y</subfield>
  </datafield>
</record>
